|
|
|
|
| LEADER |
00000naa2a2200000 4500 |
| 001 |
625289 |
| 005 |
20231101133345.0 |
| 035 |
|
|
|a (RuTPU)RU\TPU\conf\24549
|
| 035 |
|
|
|a RU\TPU\conf\24539
|
| 090 |
|
|
|a 625289
|
| 100 |
|
|
|a 20171208d2017 k y0rusy50 ca
|
| 101 |
0 |
|
|a rus
|
| 102 |
|
|
|a RU
|
| 105 |
|
|
|a y z 101zy
|
| 135 |
|
|
|a drgn ---uucaa
|
| 181 |
|
0 |
|a i
|
| 182 |
|
0 |
|a b
|
| 200 |
1 |
|
|a Морфологические особенности порошка TiNi, используемого для создания биосовместимых пористо-проницаемых материалов
|f А. С. Гарин [и др.]
|g науч. рук. С. Г. Аникеев
|
| 203 |
|
|
|a Текст
|c электронный
|
| 225 |
1 |
|
|a Технологии материалов новых поколений и наноматериалов
|
| 230 |
|
|
|a 1 компьютерный файл (pdf; 590 Kb)
|
| 300 |
|
|
|a Заглавие с титульного экрана
|
| 320 |
|
|
|a [Библиогр.: с. 42 (4 назв.)]
|
| 463 |
|
1 |
|0 (RuTPU)RU\TPU\conf\24481
|t Высокие технологии в современной науке и технике (ВТСНТ-2017)
|o сборник научных трудов VI Международной научно-технической конференции молодых ученых, аспирантов и студентов, г. Томск, 27–29 ноября 2017 г.
|f Национальный исследовательский Томский политехнический университет (ТПУ) ; под ред. А. Н. Яковлева
|v [С. 41-42]
|d 2017
|
| 610 |
1 |
|
|a электронные ресурсы
|
| 610 |
1 |
|
|a порошковая металлургия
|
| 610 |
1 |
|
|a биосовместимые материалы
|
| 610 |
1 |
|
|a высокотемпературный синтез
|
| 610 |
1 |
|
|a пористые материалы
|
| 610 |
1 |
|
|a никелид титана
|
| 610 |
1 |
|
|a морфологические признаки
|
| 701 |
|
1 |
|a Гарин
|b А. С.
|
| 701 |
|
1 |
|a Аникеев
|b С. Г.
|
| 701 |
|
1 |
|a Артюхова
|b Н. В.
|
| 701 |
|
1 |
|a Ходоренко
|b В. Н.
|
| 702 |
|
1 |
|a Аникеев
|b С. Г.
|4 727
|
| 801 |
|
2 |
|a RU
|b 63413507
|c 20171220
|g RCR
|
| 856 |
4 |
|
|u http://earchive.tpu.ru/handle/11683/45396
|
| 942 |
|
|
|c BK
|